00395nam a2200121Ia 4500001000400000008004100004082001700045100007700062245007500139260001500214901002900229999001500258122241024s9999 xx 000 0 und d aRD/340/S446i aRepública Dominicana Secretaria de Estado de Interior y Policia UNESCO 0aInforme "Seguridad Ciudadana y Preservación de la Violencia Juvenil" bSELPc2008 a19/10/2010 10:24:52 a.m. c9619d9619